Effectif XV de France au Tournoi des Six Nations 2026 - Statistiques

Statistiques générales
  • Ce quiz a été pris 49 fois
  • Le résultat moyen est 25 sur 34
Statistiques - réponses
Poste Club Joueur Nrb de sélections Points % Correct
Demi de Mêlée Antoine Dupont 4 5
100%
Demi d'Ouverture Matthieu Jalibert 3 10
95%
Arrière Thomas Ramos 4 74
95%
Pilier Jean-Baptiste Gros 5 -
93%
Ailier Louis Bielle-Biarrey 4 45
91%
Deuxième Ligne Charles Ollivon 5 10
89%
Talonneur Julien Marchand 5 5
86%
Demi de Mêlée Baptiste Serin 4 -
84%
Talonneur Péato Mauvaka 4 -
84%
Troisième Ligne Centre Anthony Jelonch 4 -
82%
Deuxième Ligne Mickaël Guillard 5 -
82%
Troisième Ligne Aile François Cros 5 -
80%
Centre Yoram Moefana 2 -
80%
Deuxième Ligne Emmanuel Meafou 5 5
77%
Ailier Théo Attissogbe 4 25
77%
Deuxième Ligne Thibaud Flament 4 -
77%
Pilier Dorian Aldegheri 5 -
75%
Deuxième Ligne Hugo Auradou 2 -
73%
Troisième Ligne Aile Oscar Jégou 4 5
70%
Centre Émilien Gailleton 2 10
68%
Centre Fabien Brau-Boirie 2 5
66%
Talonneur Maxime Lamothe 1 -
66%
Centre Nicolas Depoortère 2 -
66%
Pilier Rodrigue Neti 5 -
66%
Ailier Gaël Dréan 1 5
64%
Pilier George-Henri Colombe 1 -
64%
Centre Pierre-Louis Barassi 2 -
64%
Pilier Régis Montagne 2 -
64%
Pilier Demba Bamba 2 -
61%
Centre Kalvin Gourgues 1 -
61%
Troisième Ligne Aile Lenni Nouchi 4 -
61%
Troisième Ligne Aile Joshua Brennan 1 -
45%
Troisième Ligne Aile Temo Matiu 1 -
45%
Centre Noah Nene 1 -
43%
Aucun quiz correspondant
Distribution des résultats
% des personnes avec chaque résultat
Percentile par nombre de réponses
Votre historique - résultats
Vous n’avez pas pris ce quiz